| 000 | 00484nam a2200145Ia 4500 | ||
|---|---|---|---|
| 003 | OSt | ||
| 005 | 20260123121718.0 | ||
| 008 | 211028s2016 xx 000 0 und d | ||
| 040 | _cAIMIT LIBRARY | ||
| 041 | _aeng | ||
| 100 |
_aPinto, Reema; Pereira, Divya. _g1416101 _97522 |
||
| 245 | _aPriority sector advances- micro small and medium enterprises: a case study with reference to corporation bank Dakshina Kannada / | ||
| 260 |
_aMangalore _bDivya Pereira. _c2016 |
||
| 942 |
_2ddc _cPRO |
||
| 999 |
_c219090 _d219090 |
||